[Event "7eme open international de La Fere"]
[Site "La Fere (FRA)"]
[Date "2008.07.11"]
[Round "8.5"]
[White "Ninov, Nikolai"]
[Black "Afek, Yochanan"]
[Result "1-0"]
[WhiteElo "2515"]
[BlackElo "2321"]
[PlyCount "67"]
[EventDate "2008.??.??"]

1. e4 c5 2. Nf3 Nf6 3. e5 Nd5 4. Nc3 e6 5. Nxd5 exd5 6. d4 Nc6 7. dxc5 Bxc5 8.
Qxd5 d6 9. exd6 Qb6 10. Bc4 Bxf2+ 11. Ke2 O-O 12. Rd1 Bg4 13. Kf1 Bc5 14. Bf4
Rad8 15. Ng5 Rd7 16. Ne4 Bd4 17. Rd3 Qxb2 18. Rc1 Be6 19. Qb5 a6 20. Qb3 Na5
21. Bxe6 Nxb3 22. Bxb3 Be5 23. Bd2 Kh8 24. Re1 Qa3 25. Rd5 f5 26. Nc5 Rxd6 27.
Rexe5 Rxd5 28. Rxd5 h6 29. Nd3 a5 30. Rd7 Re8 31. Bc3 Rg8 32. Bb2 Qf8 33. Bxg8
Qxg8 34. Bxg7+ 1-0

[Event "7eme open international de La Fere"]
[Site "La Fere (FRA)"]
[Date "2008.07.11"]
[Round "8.6"]
[White "Sanduleac, Vasile"]
[Black "Marholev, Dimitar"]
[Result "0-1"]
[WhiteElo "2466"]
[BlackElo "2366"]
[PlyCount "104"]
[EventDate "2008.??.??"]

1. e4 e5 2. Nf3 Nc6 3. Bc4 Nf6 4. d3 h6 5. c3 d6 6. Bb3 g6 7. Nbd2 Bg7 8. d4
O-O 9. O-O Bg4 10. d5 Ne7 11. c4 c5 12. dxc6 bxc6 13. h3 Be6 14. c5 Bxb3 15.
Qxb3 d5 16. Nxe5 Nxe4 17. Nxe4 Bxe5 18. Nd6 Bxd6 19. cxd6 Nf5 20. g4 Nd4 21.
Qd3 Qf6 22. Bxh6 Rfe8 23. Kg2 c5 24. d7 Re7 25. Bd2 c4 26. Qg3 Qe6 27. Rae1
Qxd7 28. Rxe7 Qxe7 29. Re1 Ne6 30. Qe5 d4 31. Kg1 Rc8 32. Bc1 Qh4 33. Qg3 Qxg3+
34. fxg3 c3 35. bxc3 Rxc3 36. Kg2 Rc2+ 37. Kf3 Rxa2 38. Re5 a5 39. Rd5 Rc2 40.
Bf4 Rc3+ 41. Ke4 a4 42. Ra5 Rc8 43. Ke5 Nc5 44. Ra7 d3 45. Bg5 Re8+ 46. Kd5 Ne4
47. Bc1 d2 48. Bxd2 Nxd2 49. Rxa4 Re3 50. h4 Nf1 51. Kd4 Rxg3 52. Ke5 Rf3 0-1

[Event "7eme open international de La Fere"]
[Site "La Fere (FRA)"]
[Date "2008.07.11"]
[Round "8.7"]
[White "Chetverik, Maxim"]
[Black "Drenchev, Petar"]
[Result "0-1"]
[WhiteElo "2321"]
[BlackElo "2450"]
[PlyCount "84"]
[EventDate "2008.??.??"]

1. d4 g6 2. g3 Bg7 3. Bg2 c5 4. c3 Qa5 5. dxc5 Qxc5 6. Nf3 Nf6 7. O-O O-O 8.
Qd4 Qh5 9. Qe5 Qxe5 10. Nxe5 d6 11. Nd3 Nc6 12. Nd2 Bg4 13. Re1 Rab8 14. Nb3
Rfc8 15. Bf4 a6 16. h3 Be6 17. Rad1 h6 18. e4 Nd7 19. Bc1 b5 20. Nf4 Bxb3 21.
axb3 b4 22. cxb4 Nxb4 23. Re2 Kf8 24. h4 Nc5 25. e5 dxe5 26. Nd5 Nxb3 27. Be3
Nd4 28. Bxd4 exd4 29. b3 e6 30. Nxb4 Rxb4 31. Ra2 Rxb3 32. Rxa6 Rbc3 33. Kf1
Rc1 34. Ke2 Rxd1 35. Kxd1 Rc7 36. Kd2 Ke7 37. Be4 Be5 38. Bc2 Bd6 39. Ba4 e5
40. h5 gxh5 41. Kd3 Rc3+ 42. Ke4 Ke6 0-1

[Event "7eme open international de La Fere"]
[Site "La Fere (FRA)"]
[Date "2008.07.11"]
[Round "8.8"]
[White "Ringoir, Tanguy"]
[Black "Sundararajan, Kidambi"]
[Result "1/2-1/2"]
[WhiteElo "2321"]
[BlackElo "2446"]
[PlyCount "68"]
[EventDate "2008.??.??"]

1. e4 e5 2. Nf3 Nc6 3. Bb5 a6 4. Ba4 Nf6 5. O-O Be7 6. Re1 b5 7. Bb3 d6 8. c3
O-O 9. h3 Na5 10. Bc2 c5 11. d4 Qc7 12. Nbd2 Rd8 13. Nf1 cxd4 14. cxd4 exd4 15.
Bf4 Nc6 16. Bb3 Qb6 17. Ng3 Be6 18. Nf5 Bxf5 19. exf5 d5 20. Bg5 h6 21. Bh4 Ne4
22. Bxe7 Nxe7 23. Qxd4 Qd6 24. Rad1 Nf6 25. Qe5 Qxe5 26. Rxe5 Nc6 27. Re3 Na5
28. Red3 Nc4 29. Bxc4 bxc4 30. Re3 Rab8 31. b3 Rdc8 32. bxc4 dxc4 33. Rc3 Rb5
34. Rdc1 Rxf5 1/2-1/2

[Event "7eme open international de La Fere"]
[Site "La Fere (FRA)"]
[Date "2008.07.11"]
[Round "8.9"]
[White "Meijers, Viesturs"]
[Black "Defrance, Laurent"]
[Result "1-0"]
[WhiteElo "2496"]
[BlackElo "2167"]
[PlyCount "67"]
[EventDate "2008.??.??"]

1. e4 c6 2. d4 d5 3. exd5 cxd5 4. Bd3 Nc6 5. c3 Nf6 6. h3 e5 7. dxe5 Nxe5 8.
Qe2 Qe7 9. Bb5+ Bd7 10. Be3 Bxb5 11. Qxb5+ Qd7 12. Qe2 O-O-O 13. Nd2 Qf5 14.
Ngf3 Nd3+ 15. Kf1 Ne4 16. g4 Qf6 17. Nh4 Nxd2+ 18. Qxd2 Qa6 19. Kg2 Bc5 20.
Rhd1 Bxe3 21. Qxd3 Qf6 22. Qf5+ Qxf5 23. Nxf5 Bc5 24. Nxg7 d4 25. Rd3 Bb6 26.
Rc1 Kb8 27. Nf5 dxc3 28. Rcxc3 Rhe8 29. Rxd8+ Rxd8 30. Rc2 Rd1 31. b3 a6 32. h4
Re1 33. Kf3 Rg1 34. g5 1-0

[Event "7eme open international de La Fere"]
[Site "La Fere (FRA)"]
[Date "2008.07.11"]
[Round "8.11"]
[White "Lauridsen, Jesper Morch"]
[Black "Wirig, Anthony"]
[Result "1/2-1/2"]
[WhiteElo "2262"]
[BlackElo "2456"]
[PlyCount "103"]
[EventDate "2008.??.??"]

1. e4 c5 2. Nf3 e6 3. d4 cxd4 4. Nxd4 a6 5. Nc3 d6 6. Bd3 Nf6 7. O-O Nbd7 8.
Qe2 Nc5 9. a4 Nxd3 10. cxd3 Be7 11. a5 O-O 12. Be3 e5 13. Nf3 Bg4 14. Bg5 Rc8
15. Bxf6 Bxf6 16. Nd5 Be6 17. Nb6 Rc5 18. Rfc1 Rb5 19. Qc2 Bg5 20. Nxg5 Qxg5
21. Nc4 Bh3 22. Ne3 d5 23. exd5 f5 24. Kh1 f4 25. gxh3 fxe3 26. Rg1 Qf6 27.
fxe3 Qf3+ 28. Qg2 Rxd5 29. Qxf3 Rxf3 30. Rac1 Rd7 31. Rg3 Rf2 32. Rg2 Rf3 33.
Rg3 Rf2 34. Rg2 Rxg2 35. Kxg2 Rxd3 36. Rc8+ Kf7 37. Rc7+ Kf6 38. Rxb7 Rxe3 39.
b4 Rb3 40. Kf2 Kf5 41. Rxg7 Rxb4 42. Rf7+ Ke4 43. Rxh7 Rb5 44. Rh4+ Kd3 45. Ra4
e4 46. Ra3+ Kd4 47. h4 Rb2+ 48. Kg3 e3 49. h5 Rb1 50. Ra4+ Kd3 51. Ra3+ Kd4 52.
Ra4+ 1/2-1/2

[Event "7eme open international de La Fere"]
[Site "La Fere (FRA)"]
[Date "2008.07.11"]
[Round "8.12"]
[White "Konguvel, Ponnuswamy"]
[Black "Vorobyov, Yrij"]
[Result "1-0"]
[WhiteElo "2415"]
[BlackElo "2247"]
[PlyCount "67"]
[EventDate "2008.??.??"]

1. e4 e6 2. d4 d5 3. Nc3 Bb4 4. e5 b6 5. Qg4 Bf8 6. Bg5 Qd7 7. Bb5 c6 8. Ba4
Ba6 9. h4 Bc4 10. Nf3 a5 11. a3 h6 12. Bd2 h5 13. Qh3 Nh6 14. Nd1 b5 15. b3
bxa4 16. bxc4 dxc4 17. Ne3 c5 18. d5 exd5 19. Qxd7+ Kxd7 20. Nxd5 Kc6 21. Ne3
Nd7 22. Nxc4 Kd5 23. Ne3+ Kc6 24. Bc3 Ng4 25. Nc4 Kd5 26. Nfd2 Ngxe5 27. Bxe5
Re8 28. O-O-O Nxe5 29. Nxe5 Rxe5 30. Nf3+ Ke6 31. Nxe5 Kxe5 32. Rhe1+ Kf6 33.
Rd8 c4 34. Kd1 1-0

[Event "7eme open international de La Fere"]
[Site "La Fere (FRA)"]
[Date "2008.07.11"]
[Round "8.13"]
[White "Bensdorp, Marlies"]
[Black "Pytel, Krzysztof"]
[Result "0-1"]
[WhiteElo "2284"]
[BlackElo "2391"]
[PlyCount "74"]
[EventDate "2008.??.??"]

1. d4 Nf6 2. c4 g6 3. Nf3 Bg7 4. g3 O-O 5. Bg2 c5 6. d5 d6 7. O-O Na6 8. Nc3
Nc7 9. e4 Rb8 10. a4 b6 11. Re1 a6 12. h3 b5 13. axb5 axb5 14. e5 Nfe8 15. cxb5
Nxb5 16. Nxb5 Rxb5 17. Qe2 Nc7 18. Ra2 Bb7 19. Rd1 Qb8 20. exd6 exd6 21. Nh2
Re8 22. Qd3 Rb4 23. Qc2 Ba6 24. Bf1 Bxf1 25. Nxf1 Nb5 26. Ne3 Nd4 27. Qd3 Nb3
28. Bd2 Nxd2 29. Rxd2 Rb3 30. Qc2 Bd4 31. Ra8 Qxa8 32. Qxb3 Rb8 33. Qd3 Qa1+
34. Kg2 Rxb2 35. Nc4 Rxd2 36. Qxd2 Qa8 37. Nb6 Qa6 0-1

[Event "7eme open international de La Fere"]
[Site "La Fere (FRA)"]
[Date "2008.07.11"]
[Round "8.16"]
[White "Jossien, Remy"]
[Black "Nijs, Nils"]
[Result "1/2-1/2"]
[WhiteElo "2291"]
[BlackElo "2150"]
[PlyCount "43"]
[EventDate "2008.??.??"]

1. e4 c5 2. Nf3 d6 3. g3 Nc6 4. Bg2 g6 5. O-O Bg7 6. c3 e5 7. Re1 Nge7 8. d3
O-O 9. Be3 h6 10. Qd2 Kh7 11. d4 exd4 12. cxd4 d5 13. exd5 Nxd5 14. dxc5 Nxe3
15. Rxe3 Be6 16. Qxd8 Raxd8 17. Nc3 Nb4 18. Rb1 Nxa2 19. Nxa2 Bxa2 20. Ra1 Bd5
21. Rxa7 Bxb2 22. Rd3 1/2-1/2

[Event "7eme open international de La Fere"]
[Site "La Fere (FRA)"]
[Date "2008.07.11"]
[Round "8.17"]
[White "Videnova, Iva"]
[Black "Le Goff, Damien"]
[Result "1/2-1/2"]
[WhiteElo "2211"]
[BlackElo "2261"]
[PlyCount "129"]
[EventDate "2008.??.??"]

1. e4 c5 2. Nf3 d6 3. d4 cxd4 4. Nxd4 Nf6 5. Nc3 a6 6. Bg5 e6 7. f4 Nc6 8. Qd2
h6 9. Bxf6 Qxf6 10. Nf3 Bd7 11. O-O-O Qd8 12. g4 Qc7 13. Kb1 O-O-O 14. h4 Kb8
15. h5 Rc8 16. Be2 Na5 17. Rhf1 Nc4 18. Bxc4 Qxc4 19. Ne5 dxe5 20. Qxd7 Bb4 21.
fxe5 Bxc3 22. bxc3 Qxc3 23. Qd3 Qa5 24. Qd6+ Ka8 25. Rd3 Rhd8 26. Qa3 Qxa3 27.
Rxa3 Rc7 28. Rd3 Rdc8 29. Rd2 Kb8 30. Rdf2 Rf8 31. Kb2 Kc8 32. g5 hxg5 33. Rg1
f6 34. Rxg5 fxg5 35. Rxf8+ Kd7 36. Rf3 Kc6 37. Rg3 Kb5 38. Rxg5 Kc4 39. Rg6 Re7
40. c3 Kd3 41. Rg4 Ke3 42. Kb3 Kf3 43. Rg1 Kxe4 44. Re1+ Kd5 45. Kb4 b6 46. a4
Rf7 47. c4+ Kd4 48. Rd1+ Kxe5 49. Rd8 Rb7 50. Ra8 Kf4 51. Rxa6 e5 52. Ra8 e4
53. Re8 e3 54. Kb5 Rc7 55. Kxb6 Rxc4 56. a5 Rb4+ 57. Kc5 Ra4 58. Kb5 Ra1 59.
Re7 Rh1 60. Rxg7 Rxh5+ 61. Kb6 e2 62. Rg1 Rh6+ 63. Kb7 Rh7+ 64. Kb6 Rd7 65. Re1
1/2-1/2

[Event "7eme open international de La Fere"]
[Site "La Fere (FRA)"]
[Date "2008.07.11"]
[Round "8.18"]
[White "Forthofer, Robert"]
[Black "Marchal, Chantal"]
[Result "1-0"]
[WhiteElo "2243"]
[BlackElo "1878"]
[PlyCount "69"]
[EventDate "2008.??.??"]

1. e4 c5 2. Nf3 d6 3. d4 cxd4 4. Nxd4 Nf6 5. Nc3 a6 6. Bc4 e6 7. Bb3 Nc6 8. Be3
Be7 9. Qe2 Qc7 10. O-O-O Na5 11. g4 Nxb3+ 12. axb3 b5 13. g5 Nd7 14. f4 Bb7 15.
f5 e5 16. Nf3 Nc5 17. Bxc5 Qxc5 18. Nd5 Bd8 19. Rd3 Ba5 20. Kb1 Rd8 21. b4 Bxb4
22. c3 a5 23. cxb4 axb4 24. Rc1 Qa7 25. Nxb4 O-O 26. Ra3 Qb6 27. Qe3 Rb8 28.
Nd2 Qd8 29. h4 Qd7 30. Rac3 d5 31. Rc7 d4 32. Qb3 Qe8 33. R1c5 Rc8 34. Rxc8
Bxc8 35. Qd5 1-0

[Event "7eme open international de La Fere"]
[Site "La Fere (FRA)"]
[Date "2008.07.11"]
[Round "8.20"]
[White "Feryn, Alexandre"]
[Black "Demanghon, Jonathan"]
[Result "0-1"]
[WhiteElo "1940"]
[BlackElo "2213"]
[PlyCount "68"]
[EventDate "2008.??.??"]

1. e4 e6 2. d4 d5 3. Nc3 Nf6 4. e5 Nfd7 5. f4 c5 6. Nf3 Nc6 7. Be3 cxd4 8. Nxd4
Bc5 9. Qd2 O-O 10. Be2 a6 11. Bf3 Nxd4 12. Bxd4 b5 13. O-O Qc7 14. Rad1 b4 15.
Ne2 a5 16. Rfe1 Bb7 17. Kh1 Rac8 18. h3 Be7 19. c3 Ba6 20. Nc1 bxc3 21. Bxc3 a4
22. f5 exf5 23. Qxd5 Nb6 24. Qa5 Bc4 25. Bd4 Bc5 26. Bxc5 Qxc5 27. Qxc5 Rxc5
28. Rd6 Rb8 29. b3 Be6 30. Nd3 Rc3 31. Nf4 axb3 32. Nxe6 b2 33. Rb1 Nc4 34.
Rdd1 fxe6 0-1

[Event "7eme open international de La Fere"]
[Site "La Fere (FRA)"]
[Date "2008.07.11"]
[Round "8.21"]
[White "Feryn, Benjamin"]
[Black "Delorme, Laurie"]
[Result "1/2-1/2"]
[WhiteElo "1918"]
[BlackElo "2155"]
[PlyCount "90"]
[EventDate "2008.??.??"]

1. e4 e5 2. Nc3 Nf6 3. Bc4 Nc6 4. d3 Bb4 5. Nge2 d5 6. exd5 Nxd5 7. Bd2 Bxc3 8.
Nxc3 Nxc3 9. Bxc3 O-O 10. O-O Nd4 11. Re1 Qd6 12. Bxd4 exd4 13. Qf3 Bd7 14. Bd5
c6 15. Bb3 a5 16. a4 b6 17. Re2 Rab8 18. h3 c5 19. Bd5 Rbd8 20. b3 Bxa4 21.
bxa4 Qxd5 22. Qxd5 Rxd5 23. Rb1 Rd6 24. Re7 f5 25. Rb7 Rff6 26. Kf1 Rfe6 27.
Re1 h5 28. Rxe6 Rxe6 29. h4 f4 30. f3 Rf6 31. Ke2 Kh7 32. Kf2 Kh6 33. Ke2 g5
34. hxg5+ Kxg5 35. Kf2 Rc6 36. Rb8 Rf6 37. Ke2 Kf5 38. Kf2 Rg6 39. Rf8+ Kg5 40.
Rb8 Rh6 41. Rg8+ Rg6 42. Rf8 h4 43. Kf1 h3 44. gxh3 Kh4 45. Kf2 Kg5 1/2-1/2

[Event "7eme open international de La Fere"]
[Site "La Fere (FRA)"]
[Date "2008.07.11"]
[Round "8.22"]
[White "Pijpers, Arthur"]
[Black "Durot, Edwige"]
[Result "1-0"]
[WhiteElo "2150"]
[BlackElo "1793"]
[PlyCount "43"]
[EventDate "2008.??.??"]

1. e4 c5 2. Nf3 e6 3. d4 cxd4 4. Nxd4 a6 5. Nc3 Qc7 6. Bd3 Nc6 7. Be3 Nf6 8.
O-O Be7 9. Kh1 d6 10. f4 b5 11. Qf3 Bb7 12. Rae1 Nxd4 13. Bxd4 e5 14. fxe5 dxe5
15. Qg3 b4 16. Bxe5 Qa5 17. Nd5 Bxd5 18. exd5 Kf8 19. Bxf6 Bxf6 20. Qd6+ Kg8
21. Rxf6 gxf6 22. Re3 1-0

[Event "7eme open international de La Fere"]
[Site "La Fere (FRA)"]
[Date "2008.07.11"]
[Round "8.23"]
[White "Vandervorst, Marc"]
[Black "Haast, Mark"]
[Result "0-1"]
[WhiteElo "1877"]
[BlackElo "2089"]
[PlyCount "54"]
[EventDate "2008.??.??"]

1. e4 g6 2. d4 Bg7 3. Nf3 d6 4. c3 Nf6 5. Nbd2 O-O 6. Be2 b6 7. O-O Bb7 8. e5
Nfd7 9. exd6 cxd6 10. Re1 Nc6 11. Nf1 e5 12. dxe5 dxe5 13. Ng3 h6 14. h3 Qe7
15. Bf1 f5 16. Bb5 Kh7 17. Qa4 Nc5 18. Qc2 e4 19. Bxc6 Bxc6 20. Nd4 Bb7 21. b4
Ne6 22. Nxe6 Qxe6 23. Nf1 Rac8 24. Bd2 f4 25. Rac1 Qc6 26. Ne3 fxe3 27. Rxe3
Bd4 0-1

[Event "7eme open international de La Fere"]
[Site "La Fere (FRA)"]
[Date "2008.07.11"]
[Round "8.24"]
[White "Harnik, Cecilien"]
[Black "Ilan, Liad"]
[Result "0-1"]
[WhiteElo "1871"]
[BlackElo "2013"]
[PlyCount "84"]
[EventDate "2008.??.??"]

1. e4 e5 2. Nf3 Nc6 3. d4 exd4 4. Bc4 Nf6 5. O-O Nxe4 6. Re1 d5 7. Bxd5 Qxd5 8.
Nc3 Qa5 9. Nxe4 Be6 10. Neg5 O-O-O 11. Nxe6 fxe6 12. Rxe6 Bd6 13. Bg5 Rdf8 14.
Qe2 h6 15. Bh4 g5 16. Bg3 Bxg3 17. hxg3 Qd5 18. Qe4 Qxe4 19. Rxe4 Re8 20. Rae1
Rxe4 21. Rxe4 Rd8 22. a3 d3 23. cxd3 Rxd3 24. Re6 Rd6 25. Rxd6 cxd6 26. Nd2 Kd7
27. f4 Ke6 28. Kh2 d5 29. fxg5 hxg5 30. g4 Ne5 31. Nb3 Kd6 32. Nd4 Nc4 33. Nb5+
Ke5 34. Nxa7 Nd6 35. Kg3 Ke4 36. Kf2 Kd3 37. a4 d4 38. a5 Kd2 39. a6 bxa6 40.
Nc6 d3 41. Nd4 Nc4 42. b3 Kc3 0-1

[Event "7eme open international de La Fere"]
[Site "La Fere (FRA)"]
[Date "2008.07.11"]
[Round "8.25"]
[White "Waquet, Frederic"]
[Black "Christophe, Jean-Francois"]
[Result "1-0"]
[WhiteElo "2004"]
[BlackElo "1780"]
[PlyCount "69"]
[EventDate "2008.??.??"]

1. e4 e5 2. Nc3 d6 3. d4 exd4 4. Qxd4 Nc6 5. Bb5 Bd7 6. Bxc6 Bxc6 7. Be3 Qf6 8.
Qd2 Qg6 9. f3 Nf6 10. Nh3 h6 11. O-O-O Be7 12. Nf4 Qh7 13. h4 O-O-O 14. Ncd5
Nxd5 15. exd5 Bd7 16. Qd4 b6 17. Nd3 Bf6 18. Qc4 Rhe8 19. Qa6+ Kb8 20. Nb4 c5
21. dxc6 Bc8 22. c7+ Kxc7 23. Qxa7+ Bb7 24. Nd5+ Kc8 25. Nxb6+ Kc7 26. Nd5+ Kc8
27. Nxf6 gxf6 28. Rd3 Rd7 29. Bb6 Ree7 30. Rc3+ Rc7 31. Bxc7 Rxc7 32. Rxc7+
Kxc7 33. Qa5+ Kc8 34. Re1 Qg8 35. Re7 1-0

[Event "7eme open international de La Fere"]
[Site "La Fere (FRA)"]
[Date "2008.07.11"]
[Round "8.26"]
[White "Jouneau, Quentin"]
[Black "Caulier, Amaury"]
[Result "1-0"]
[WhiteElo "1978"]
[BlackElo "1600"]
[PlyCount "31"]
[EventDate "2008.??.??"]

1. e4 e5 2. Nf3 Nc6 3. d4 exd4 4. c3 dxc3 5. Nxc3 Bb4 6. Bc4 Bxc3+ 7. bxc3 Qf6
8. O-O Nge7 9. e5 Nxe5 10. Nxe5 Qxe5 11. Re1 Qxc3 12. Bg5 O-O 13. Rc1 Qa5 14.
Bxe7 Re8 15. Bb4 Qxb4 16. Rxe8+ 1-0

[Event "7eme open international de La Fere"]
[Site "La Fere (FRA)"]
[Date "2008.07.11"]
[Round "8.27"]
[White "Vinckier, Delphine"]
[Black "Pytel, Bozena"]
[Result "1/2-1/2"]
[WhiteElo "1801"]
[BlackElo "1966"]
[PlyCount "143"]
[EventDate "2008.??.??"]

1. e4 e6 2. d4 d5 3. Nc3 Nf6 4. e5 Nfd7 5. f4 c5 6. Nf3 Nc6 7. Be3 a6 8. Qd2
Qc7 9. Bd3 cxd4 10. Nxd4 Bc5 11. Nxc6 Qxc6 12. Bxc5 Qxc5 13. a3 O-O 14. Qe2 Qd4
15. Qf3 Nc5 16. O-O-O Nxd3+ 17. Rxd3 Qc4 18. Qg4 f5 19. Qg5 Bd7 20. Rhd1 Rac8
21. Rd4 Qc5 22. g4 b5 23. gxf5 Rxf5 24. Qg2 a5 25. Ne4 dxe4 26. Rxd7 Qe3+ 27.
Kb1 g6 28. Qf1 Qxf4 29. Qxb5 Qxe5 30. Rd8+ Rxd8 31. Rxd8+ Kg7 32. Rd7+ Kh6 33.
Qb7 Kg5 34. Rd1 h6 35. Qe7+ Kh5 36. Qd7 e3 37. Qd3 e2 38. Re1 Qxh2 39. Rxe2
Qh1+ 40. Ka2 Qd5+ 41. Qb3 a4 42. Qxd5 exd5 43. Rh2+ Kg5 44. Rg2+ Kf6 45. Rg4 h5
46. Rxa4 g5 47. Ra6+ Ke5 48. b4 g4 49. Rg6 Rf6 50. Rg5+ Rf5 51. Rg6 Kf4 52. b5
h4 53. b6 h3 54. b7 Rf8 55. Rf6+ Rxf6 56. b8=Q+ Kg5 57. Qg8+ Rg6 58. Qxd5+ Kh4
59. Qe4 Rg5 60. Qf4 Kh5 61. Qg3 Rf5 62. a4 Rf3 63. Qe5+ Kh4 64. Qe1+ Kh5 65.
Qe2 Kh4 66. a5 Kg3 67. Qe1+ Kg2 68. Qe2+ Kg3 69. Qe1+ Kg2 70. Qe2+ Kg3 71. Qe1+
Kg2 72. Qe2+ 1/2-1/2

[Event "7eme open international de La Fere"]
[Site "La Fere (FRA)"]
[Date "2008.07.11"]
[Round "8.29"]
[White "Adelise, Theo"]
[Black "Ringoir, Guy"]
[Result "0-1"]
[WhiteElo "1600"]
[BlackElo "1944"]
[PlyCount "76"]
[EventDate "2008.??.??"]

1. e4 c5 2. Nc3 Nc6 3. Bc4 e6 4. f4 a6 5. a3 b5 6. Ba2 Bb7 7. d3 Nd4 8. Nge2 d5
9. exd5 exd5 10. Nxd4 cxd4 11. Ne2 Bc5 12. O-O Nf6 13. b4 Bb6 14. Bb2 Qe7 15.
Re1 Qe3+ 16. Kh1 Ng4 17. Bxd4 Nf2+ 18. Kg1 Nxd1+ 19. Bxe3 Nxe3 20. Ng3 O-O 21.
Rxe3 Bxe3+ 22. Kh1 Bxf4 23. Ne2 Be5 24. d4 Bf6 25. c3 Rfe8 26. Nf4 Rad8 27. Rf1
Re3 28. Rc1 Rde8 29. h3 Re1+ 30. Rxe1 Rxe1+ 31. Kh2 Ra1 32. Bxd5 Bc8 33. Bc6
Rxa3 34. d5 Be5 35. g3 Bxf4 36. gxf4 Rxc3 37. Kg2 Bxh3+ 38. Kh2 Bc8 0-1

[Event "7eme open international de La Fere"]
[Site "La Fere (FRA)"]
[Date "2008.07.11"]
[Round "8.30"]
[White "Godart, Michel"]
[Black "Thomas, Olivier"]
[Result "0-1"]
[WhiteElo "1820"]
[BlackElo "2105"]
[PlyCount "36"]
[EventDate "2008.??.??"]

1. c4 Nf6 2. Nc3 g6 3. d4 Bg7 4. e4 d6 5. Be2 O-O 6. g4 c5 7. d5 e6 8. g5 Ne8
9. h4 exd5 10. cxd5 f5 11. gxf6 Qxf6 12. Be3 Qe7 13. Bd3 Nf6 14. Nge2 b5 15.
Ng3 c4 16. Bc2 Ng4 17. Bg5 Qf7 18. Rf1 Nh2 0-1

[Event "7eme open international de La Fere"]
[Site "La Fere (FRA)"]
[Date "2008.07.11"]
[Round "8.31"]
[White "Eeckhout, Jean-Louis"]
[Black "Lamerant, Olivier"]
[Result "0-1"]
[WhiteElo "1771"]
[BlackElo "2090"]
[PlyCount "148"]
[EventDate "2008.??.??"]

1. d4 e6 2. e4 d5 3. e5 c5 4. c3 Qb6 5. Nf3 Nc6 6. Be2 cxd4 7. cxd4 Bd7 8. O-O
Nge7 9. Na3 a6 10. Nc2 Rc8 11. Rb1 Qc7 12. Bd3 Ng6 13. b4 Na7 14. Na3 b5 15.
Bd2 Be7 16. Qe2 O-O 17. Rfc1 Qb7 18. h4 Rxc1+ 19. Rxc1 Rc8 20. Qd1 Rxc1 21.
Qxc1 Nxh4 22. Nxh4 Bxh4 23. Bg5 Bxg5 24. Qxg5 Be8 25. Qc1 Qc6 26. Qxc6 Bxc6 27.
f4 f5 28. Nc2 Be8 29. Be2 g5 30. g3 Kg7 31. Kf2 h5 32. a3 Kh6 33. Ne1 Nc6 34.
Ke3 h4 35. fxg5+ Kxg5 36. Nf3+ Kh6 37. Nxh4 Bh5 38. Bf1 Kg5 39. Ng2 Kg4 40. Nf4
Bf7 41. Ne2 a5 42. Nf4 axb4 43. axb4 Kxg3 44. Bxb5 Nxb4 45. Ne2+ Kg4 46. Ba4
Kg5 47. Nf4 Bg8 48. Ne2 Kg6 49. Kf4 Kf7 50. Ke3 Ke7 51. Kd2 Bf7 52. Nf4 Na6 53.
Bb5 Nc7 54. Ba4 Be8 55. Bxe8 Kxe8 56. Kc3 Nb5+ 57. Kd3 Kf7 58. Ne2 Na7 59. Nf4
Nc6 60. Ne2 Ne7 61. Ke3 Ng6 62. Kf3 Ke7 63. Ke3 Kd7 64. Ng1 Kc6 65. Nf3 Kb5 66.
Ng5 Nf8 67. Kd3 Kb4 68. Nh3 Nh7 69. Nf4 Ng5 70. Ne2 Nh3 71. Nc3 Nf2+ 72. Kc2
Kc4 73. Ne2 Nh3 74. Kd2 f4 0-1

[Event "7eme open international de La Fere"]
[Site "La Fere (FRA)"]
[Date "2008.07.11"]
[Round "8.32"]
[White "Brobecker, Alain"]
[Black "Haast, Anne"]
[Result "0-1"]
[WhiteElo "1758"]
[BlackElo "2041"]
[PlyCount "54"]
[EventDate "2008.??.??"]

1. g3 e5 2. d3 d5 3. Nf3 Nc6 4. Bg2 Nf6 5. c4 dxc4 6. Qa4 Bd7 7. Qxc4 Bd6 8.
Bd2 O-O 9. O-O h6 10. a3 Be6 11. Qc2 Qd7 12. b4 Bh3 13. Nc3 Bxg2 14. Kxg2 Rae8
15. Be3 Ng4 16. Qd2 f5 17. b5 Ne7 18. a4 b6 19. Rac1 Kh8 20. h3 Nf6 21. Nh2 f4
22. gxf4 Ng6 23. fxe5 Nh4+ 24. Kg3 Nh5+ 25. Kxh4 Be7+ 26. Kxh5 Qxh3+ 27. Kg6
Qf5# 0-1

[Event "7eme open international de La Fere"]
[Site "La Fere (FRA)"]
[Date "2008.07.11"]
[Round "8.33"]
[White "Daniel, Antoine"]
[Black "Lecouteux, Guilhem"]
[Result "0-1"]
[WhiteElo "1770"]
[BlackElo "2027"]
[PlyCount "94"]
[EventDate "2008.??.??"]

1. e4 c5 2. Nc3 Nc6 3. g3 g6 4. Bg2 Bg7 5. Nge2 d6 6. O-O e6 7. d3 Nge7 8. Be3
a6 9. d4 cxd4 10. Nxd4 O-O 11. Qd2 Qc7 12. Rad1 Ne5 13. Nce2 b5 14. c3 Nc4 15.
Qc1 Nxe3 16. Qxe3 e5 17. Nc2 Be6 18. a3 Rad8 19. f4 Qc5 20. fxe5 Qxe3+ 21. Nxe3
dxe5 22. Rxd8 Rxd8 23. Rd1 Rxd1+ 24. Nxd1 Bh6 25. Kf2 Nc6 26. b4 Ne7 27. Nb2
Nc8 28. Nd3 f6 29. Nc5 Bc4 30. Nxa6 Kf7 31. Nc5 Nb6 32. Bf1 Ke7 33. Ng1 Bxf1
34. Kxf1 Bc1 35. Ke1 Nc4 36. Ne2 Be3 37. Nd3 Nxa3 38. Nb2 Kd6 39. Kd1 f5 40.
exf5 gxf5 41. Ke1 Kd5 42. Nd1 Bg5 43. Ng1 Nc4 44. Kf2 Nd2 45. h4 Ne4+ 46. Kf3
Bd2 47. Ne2 h5 0-1

[Event "7eme open international de La Fere"]
[Site "La Fere (FRA)"]
[Date "2008.07.11"]
[Round "8.34"]
[White "Jimenez, Martin"]
[Black "Cozette, Michael"]
[Result "0-1"]
[WhiteElo "1750"]
[BlackElo "2026"]
[PlyCount "106"]
[EventDate "2008.??.??"]

1. d4 c5 2. d5 Nf6 3. c4 g6 4. Nc3 Bg7 5. e4 d6 6. Bd3 O-O 7. Nf3 e6 8. O-O
exd5 9. cxd5 Re8 10. Bg5 Bg4 11. h3 Bxf3 12. Qxf3 Nbd7 13. Qg3 h6 14. Bf4 Nh5
15. Qe3 Nxf4 16. Qxf4 Ne5 17. Bc2 b5 18. Rab1 b4 19. Nd1 Nc4 20. Bd3 Ne5 21.
Bb5 Re7 22. Ne3 a6 23. Ba4 Nd3 24. Qf3 Nxb2 25. Bc2 c4 26. Qe2 Qc7 27. Rfc1 c3
28. Bb3 Qb6 29. Nc4 Nxc4 30. Bxc4 Rc7 31. a3 a5 32. Rb3 Qd4 33. Bd3 Rb7 34.
axb4 axb4 35. Rcb1 Re8 36. Kf1 f5 37. f3 fxe4 38. Bxe4 g5 39. Qd3 Qxd3+ 40.
Bxd3 Reb8 41. Ke2 Bd4 42. Be4 Bc5 43. Ra1 Kg7 44. Kd1 Kf6 45. Ke2 Ke5 46. g3
Kd4 47. g4 Ra7 48. Rab1 Ra2+ 49. Ke1 Rh2 50. Kf1 Kc4 51. h4 Ra8 52. hxg5 hxg5
53. Ke1 Raa2 0-1

[Event "7eme open international de La Fere"]
[Site "La Fere (FRA)"]
[Date "2008.07.11"]
[Round "8.35"]
[White "Laufer, Maurice"]
[Black "Ben Porat, Zeev"]
[Result "0-1"]
[WhiteElo "1521"]
[BlackElo "2008"]
[PlyCount "65"]
[EventDate "2008.??.??"]

1. f4 e5 2. fxe5 d6 3. Nf3 dxe5 4. e4 Bc5 5. Bc4 Nf6 6. d3 Nc6 7. Qe2 Bg4 8.
Be3 Qe7 9. O-O Nd4 10. Qd1 Bxf3 11. Rxf3 Nxf3+ 12. Qxf3 Bxe3+ 13. Qxe3 Ng4 14.
Qg3 Qc5+ 15. Kf1 Ne3+ 16. Ke2 Nxc2 17. b4 Qd4 18. Na3 Nxa1 19. Nb5 Qb2+ 20. Kf3
O-O-O 21. Kg4 a6 22. Bxf7 axb5 23. Kh3 g6 24. Qe3 Kb8 25. Qc5 Rxd3+ 26. g3 Rd2
27. Qg1 Rf8 28. Bd5 Rff2 29. Qe1 Rxh2+ 30. Kg4 Rhf2 31. Qe3 Rf4+ 32. gxf4 Rg2+
33. Qg3 0-1

[Event "7eme open international de La Fere"]
[Site "La Fere (FRA)"]
[Date "2008.07.11"]
[Round "8.36"]
[White "Soveaux, Jean"]
[Black "Godart, Francois"]
[Result "0-1"]
[WhiteElo "1660"]
[BlackElo "1985"]
[PlyCount "54"]
[EventDate "2008.??.??"]

1. d4 Nf6 2. c4 e6 3. Nc3 Bb4 4. Nf3 O-O 5. Qc2 b6 6. a3 Bxc3+ 7. bxc3 d6 8.
Bg5 h6 9. Bh4 Ba6 10. e3 Nc6 11. Bd3 Na5 12. Nd2 g5 13. Bg3 Qd7 14. f3 Qc6 15.
Ne4 Nh5 16. Nd2 Nxc4 17. Bf2 b5 18. Ne4 f5 19. Ng3 Nf6 20. Bxf5 exf5 21. Nxf5
Qd7 22. Nxh6+ Kh8 23. h4 g4 24. g3 gxf3 25. e4 Nxe4 26. Qd3 Rae8 27. O-O Qh3
0-1